[Event "Open"]
[Site "Baku AZE"]
[Date "2010.08.23"]
[Round "1"]
[White "Abbasov,F"]
[Black "Abbasov,Amil"]
[Result "1-0"]
[WhiteElo "2549"]
[BlackElo "2052"]
[EventDate "2010.08.23"]

1. d4 Nf6 2. c4 c5 3. d5 g6 4. Nc3 Bg7 5. Nf3 e6 6. Bf4 exd5 7. cxd5 d6 8.
h3 O-O 9. e3 a6 10. a4 Re8 11. Nd2 Nh5 12. Bh2 Be5 13. Bxe5 Rxe5 14. Nc4
Re8 15. Be2 Nf6 16. O-O Qc7 17. a5 Nbd7 18. Na4 Ne5 19. Nab6 Rb8 20. Rc1
Nxc4 21. Nxc4 Nd7 22. b4 cxb4 23. Qa4 b5 24. axb6 Qc5 25. Qc6 Rf8 26. Nxd6
Qxc6 27. dxc6 Nxb6 28. c7 Ra8 29. Rc6 Nd5 30. Bf3 Ne7 31. Rb6 Ra7 32. Rc1
a5 33. Rb8 a4 34. Rxb4 a3 35. Nb5 Ra5 36. Ra1 a2 37. Rb2 Be6 38. Nd4 Rc8
39. Nxe6 fxe6 40. Rb8 Kg7 41. Rxc8 Nxc8 42. Bc6 Nb6 43. Bd7 Rc5 44. Bxe6
Rxc7 45. Rxa2 Kf6 46. Bb3 Nd7 47. h4 Ne5 48. Bc2 Rc6 49. Be4 Rd6 50. Kh2
Rb6 51. Kg3 Rb4 52. Ra6+ Kg7 53. Ra7+ Kh6 54. f3 Rb2 55. Kf4 1-0

[Event "Open"]
[Site "Baku AZE"]
[Date "2010.08.23"]
[Round "1"]
[White "Alakhverdiev,Araz"]
[Black "Akhmadzade,F"]
[Result "1-0"]
[WhiteElo "2371"]
[BlackElo "1941"]
[EventDate "2010.08.23"]

1. Nf3 d5 2. d4 e6 3. c4 Nf6 4. Nc3 Nbd7 5. cxd5 exd5 6. Bg5 Be7 7. e3 O-O
8. Bd3 c6 9. Qc2 Re8 10. O-O h6 11. Bf4 Nh5 12. Nxd5 Nxf4 13. Nxf4 Bd6 14.
Ne2 Nf8 15. Ng3 Bg4 16. Nd2 g6 17. Rae1 h5 18. Nc4 Bc7 19. f4 h4 20. Ne4
Bf5 21. Nf2 Be6 22. Ne5 f5 23. Nh3 Kg7 24. Ng5 Nh7 25. Nxh7 Kxh7 26. Bc4
Bb6 27. Bxe6 Rxe6 28. Nf7 1-0

[Event "Open"]
[Site "Baku AZE"]
[Date "2010.08.23"]
[Round "1"]
[White "Babazade,Jav"]
[Black "Miroshnichenko,E"]
[Result "0-1"]
[WhiteElo "2082"]
[BlackElo "2686"]
[EventDate "2010.08.23"]

1. e4 c5 2. Nf3 d6 3. c4 g6 4. d4 Bg7 5. dxc5 dxc5 6. Qxd8+ Kxd8 7. Nc3 Nc6
8. Bd2 Bg4 9. O-O-O Ke8 10. h3 Bd7 11. Nd5 Rc8 12. Bf4 Nf6 13. Bd3 Nh5 14.
Bh2 e6 15. Nc7+ Ke7 16. g4 Bh6+ 17. g5 Bg7 18. Nb5 e5 19. Nc3 Bxh3 20. Nd5+
Kf8 21. Nxe5 Nxe5 22. Bxe5 Bxe5 23. Rxh3 Bf4+ 24. Nxf4 Nxf4 25. Rh4 Ne6 26.
f4 Rd8 27. Rg4 h5 28. gxh6 Rxh6 29. f5 gxf5 30. exf5 Nd4 31. Rf4 Ke7 32.
Re1+ Kf6 33. Rf2 Rh4 34. Bb1 b6 35. b3 Rdh8 36. Kb2 a5 37. Ka3 Rh3 38. Ka4
Rh1 39. Ref1 Ke5 40. a3 Kd6 41. Be4 R1h4 42. Bd5 f6 43. Rg2 Rh3 44. Rb1 Re3
45. Rg7 Ne2 46. Kb5 Nc3+ 47. Kxb6 Nxb1 48. b4 axb4 49. axb4 cxb4 50. Bb7 b3
51. c5+ Ke5 52. c6 b2 53. Rg2 Nd2 0-1

[Event "Open"]
[Site "Baku AZE"]
[Date "2010.08.23"]
[Round "1"]
[White "Bajarani,U"]
[Black "Chubenko,Gennadiy"]
[Result "1-0"]
[WhiteElo "2409"]
[BlackElo "1944"]
[EventDate "2010.08.23"]

1. e4 g6 2. f4 Bg7 3. Nf3 c5 4. Bc4 Nc6 5. O-O d6 6. Nc3 e6 7. f5 Nf6 8.
fxe6 Bxe6 9. d3 O-O 10. Bg5 Qb6 11. b3 Ng4 12. Bd2 Bxc4 13. bxc4 Bxc3 14.
Bxc3 Ne3 15. Qc1 Nxf1 16. Bf6 1-0

[Event "Open"]
[Site "Baku AZE"]
[Date "2010.08.23"]
[Round "1"]
[White "Bakhtiyarly,A"]
[Black "Ibrahimov,R"]
[Result "0-1"]
[WhiteElo "2040"]
[BlackElo "2534"]
[EventDate "2010.08.23"]

1. e4 c5 2. Nf3 d6 3. d4 cxd4 4. Qxd4 a6 5. c4 Nc6 6. Qd2 g6 7. Nc3 Bh6 8.
Qd1 Bg7 9. Qd3 Nf6 10. h3 Be6 11. Nd5 Rc8 12. Be3 b5 13. cxb5 Bxd5 14. bxc6
Bxc6 15. Nd2 O-O 16. Bd4 e5 17. Bc3 d5 18. Qxa6 dxe4 19. Nc4 Nd5 20. Rd1
Qh4 21. Bd2 e3 22. Nxe3 Nxe3 23. Bxe3 Qb4+ 24. Bd2 Qxb2 25. a4 Rfd8 26. Bg5
Qb4+ 27. Rd2 Bb7 28. Qb5 Rc1+ 29. Ke2 Qe4+ 0-1

[Event "Open"]
[Site "Baku AZE"]
[Date "2010.08.23"]
[Round "1"]
[White "Bayramov,Elvin"]
[Black "Allahverdiev,A"]
[Result "0-1"]
[WhiteElo "2004"]
[BlackElo "2410"]
[EventDate "2010.08.23"]

1. e4 e5 2. Nf3 Nc6 3. Bb5 a6 4. Ba4 d6 5. d4 b5 6. Bb3 Nxd4 7. Bd5 c6 8.
Nxd4 cxd5 9. Nc6 Qc7 10. exd5 Bb7 11. O-O Nf6 12. Nc3 Nxd5 13. Nxd5 Qxc6
14. Ne3 g6 15. f4 Bh6 16. Qe2 Qe4 17. fxe5 dxe5 18. Qf2 f5 19. Nxf5 gxf5
20. Re1 Qd5 21. Bxh6 Rg8 22. Re2 O-O-O 23. Qxf5+ Kb8 24. Qf2 Rd6 25. Rd2
Qc6 26. Rad1 Rxd2 0-1

[Event "Open"]
[Site "Baku AZE"]
[Date "2010.08.23"]
[Round "1"]
[White "Guliyeva,S"]
[Black "Toufighi,H"]
[Result "0-1"]
[WhiteElo "2010"]
[BlackElo "2501"]
[EventDate "2010.08.23"]

1. e4 e6 2. d4 d5 3. Nc3 Bb4 4. e5 c5 5. a3 Bxc3+ 6. bxc3 Ne7 7. Qg4 Qc7 8.
Qxg7 Rg8 9. Qxh7 cxd4 10. Ne2 Nbc6 11. f4 Bd7 12. Bd2 dxc3 13. Nxc3 Nd4 14.
Qd3 Nef5 15. Rg1 Qc5 16. g4 Rc8 17. Rg2 Nxc2+ 18. Qxc2 Ne3 19. Bxe3 Qxe3+
20. Be2 Rxc3 21. Qd2 Qc5 22. a4 Rc2 23. Qd3 Rc1+ 24. Rxc1 Qxc1+ 25. Kf2
Qxf4+ 26. Kg1 Qxe5 0-1

[Event "Open"]
[Site "Baku AZE"]
[Date "2010.08.23"]
[Round "1"]
[White "Ibrahimova,S"]
[Black "Shanava,K"]
[Result "0-1"]
[WhiteElo "2054"]
[BlackElo "2556"]
[EventDate "2010.08.23"]

1. e4 c5 2. Nf3 d6 3. d4 cxd4 4. Nxd4 Nf6 5. Nc3 g6 6. Be3 Bg7 7. f3 a6 8.
Qd2 b5 9. g4 Nbd7 10. O-O-O Bb7 11. g5 Nh5 12. Kb1 O-O 13. Nce2 d5 14. f4
e5 15. fxe5 Nxe5 16. Ng3 Nxg3 17. hxg3 Ng4 18. Bf4 dxe4 19. Qe2 e3 20. Ne6
Qc8 21. Nxf8 Bxh1 22. Bh3 Qxf8 23. Bd6 Qe8 24. Bxg4 Qe4 25. a3 Re8 26. Bc5
Bg2 27. Rd3 Qe5 28. Bd4 Qxg3 29. Rxe3 Rxe3 30. Bxe3 Bd5 31. Bc5 Qb8 32. Qd3
Qe5 33. Qc3 Qxg5 34. Qe1 h5 35. Bc8 Qf6 36. Qc1 Qc6 0-1

[Event "Open"]
[Site "Baku AZE"]
[Date "2010.08.23"]
[Round "1"]
[White "Jojua,D"]
[Black "Hasanova,T"]
[Result "1/2-1/2"]
[WhiteElo "2530"]
[BlackElo "2038"]
[EventDate "2010.08.23"]

1. d4 Nf6 2. c4 g6 3. Nc3 Bg7 4. e4 d6 5. Nf3 O-O 6. h3 Nc6 7. Bg5 Re8 8.
d5 Ne5 9. Nxe5 dxe5 10. Be2 e6 11. O-O exd5 12. cxd5 a6 13. Qd2 Qd6 14.
Rac1 Bd7 15. Rfd1 c6 16. Qe3 Qf8 17. Qf3 Nh5 18. d6 f6 19. Be3 b5 20. g3
Bh6 21. Bxh6 Qxh6 22. Nb1 Ng7 23. Bf1 Ne6 24. Nd2 Nd4 25. Qe3 Qxe3 26. fxe3
Ne6 27. Nb3 Rec8 28. Nc5 Nxc5 29. Rxc5 Kf7 30. Kg2 Ke8 31. Be2 1/2-1/2

[Event "Open"]
[Site "Baku AZE"]
[Date "2010.08.23"]
[Round "1"]
[White "Orujov,A"]
[Black "Rasulov,Vu"]
[Result "0-1"]
[WhiteElo "1965"]
[BlackElo "2442"]
[EventDate "2010.08.23"]

1. e4 c5 2. Nf3 d6 3. d4 cxd4 4. Nxd4 Nf6 5. Nc3 a6 6. Be2 e6 7. O-O Be7 8.
Be3 O-O 9. h3 Nc6 10. f4 Qc7 11. Qe1 Nxd4 12. Bxd4 b5 13. e5 dxe5 14. fxe5
Nd7 15. Bf3 Rb8 16. Qe3 b4 17. Ne2 Rb5 18. c4 Rc5 19. b3 Nxe5 20. Kh1 Nxf3
21. Rxf3 Rg5 22. Nf4 Bb7 23. Rg3 h6 24. h4 Bd6 25. Rxg5 hxg5 26. Nh5 e5 27.
Bb6 Qd7 28. Rd1 Qg4 29. Rd2 Qxh5 30. Rxd6 Qxh4+ 31. Kg1 g4 32. c5 Qe7 33.
Qd2 Be4 34. c6 Rc8 35. Bd8 Qa7+ 36. Kh1 Bxc6 0-1

[Event "Open"]
[Site "Baku AZE"]
[Date "2010.08.23"]
[Round "1"]
[White "Orujov,S"]
[Black "Aleksandrov,A"]
[Result "0-1"]
[WhiteElo "2077"]
[BlackElo "2642"]
[EventDate "2010.08.23"]

1. e4 e5 2. Nf3 Nc6 3. Nc3 Nf6 4. Bb5 Bd6 5. O-O O-O 6. Re1 Re8 7. d3 h6 8.
h3 a6 9. Bxc6 dxc6 10. Be3 c5 11. a4 Rb8 12. b3 b5 13. axb5 axb5 14. Qe2
Nd7 15. Nd2 Nf8 16. Reb1 Ne6 17. Ra2 Nd4 18. Qd1 Be6 19. Ne2 Qh4 20. Ng3
Kh7 21. Bxd4 cxd4 22. Rba1 g6 23. Ra7 Qe7 24. Ndf1 Bc5 25. R7a6 Bb4 26. Qe2
c5 27. Nd2 Bc3 28. R1a3 Qg5 29. Ndf1 Kg8 30. Ra7 c4 31. bxc4 bxc4 32. dxc4
Rec8 33. R7a4 Bb4 34. Ra1 Bxc4 35. Qd1 Be6 36. Rb1 Qe7 37. Ne2 Bd6 38. Raa1
Qc7 39. Rxb8 Qxb8 40. Rb1 Qa8 41. c3 Qxe4 42. Nfg3 Qd5 43. cxd4 h5 44. dxe5
Qxe5 45. Qd4 Rc2 46. Rd1 Rc6 47. Qxe5 Bxe5 48. Nf1 Bb3 49. Rc1 Rd6 50. Rb1
Bc4 51. Neg3 f5 52. Rc1 Ba6 53. Re1 Bc3 54. Rc1 Bb2 55. Rb1 Bc3 56. Rc1 Ba5
57. Ra1 Bb4 58. Rb1 Bc5 59. Nh1 Kg7 60. Rc1 Bb6 61. Ra1 Bc5 62. Rc1 Rc6 63.
Rd1 g5 64. Nhg3 Kg6 65. Re1 h4 66. Nh1 g4 67. hxg4 fxg4 68. g3 h3 69. Re4
Kf5 70. Rf4+ Kg5 71. Ne3 Be2 72. Rf5+ Kg6 73. Rf4 0-1

[Event "Open"]
[Site "Baku AZE"]
[Date "2010.08.23"]
[Round "1"]
[White "Paichadze,L"]
[Black "Rzayev,T"]
[Result "1-0"]
[WhiteElo "2467"]
[BlackElo "1973"]
[EventDate "2010.08.23"]

1. e4 c5 2. b3 d6 3. Bb2 Nc6 4. Bb5 Bd7 5. f4 a6 6. Bxc6 Bxc6 7. d3 e6 8.
Nf3 Nf6 9. O-O Be7 10. Qe1 O-O 11. Nbd2 d5 12. Ne5 Be8 13. Rd1 d4 14. c3
Nd7 15. cxd4 cxd4 16. Bxd4 Nxe5 17. Bxe5 f6 18. Bb2 Qa5 19. Nc4 Qxe1 20.
Rdxe1 b5 21. Ne3 Rd8 22. d4 Bb4 23. Re2 Bc6 24. Nc2 Ba5 25. Rc1 Bb7 26. Ba3
Rf7 27. Bc5 Bc7 28. g3 Bb8 29. Rce1 Rc8 30. b4 h5 31. f5 exf5 32. exf5 Bd5
33. Re8+ 1-0

[Event "Open"]
[Site "Baku AZE"]
[Date "2010.08.23"]
[Round "1"]
[White "Safarli,E"]
[Black "Khalafova,N"]
[Result "1-0"]
[WhiteElo "2603"]
[BlackElo "2063"]
[EventDate "2010.08.23"]

1. e4 c5 2. Nf3 Nc6 3. Bb5 g6 4. c3 Nf6 5. Qe2 Bg7 6. O-O O-O 7. Rd1 a6 8.
Bxc6 dxc6 9. h3 Qc7 10. d4 cxd4 11. cxd4 a5 12. Nc3 Bd7 13. Bg5 Rfe8 14.
Qe3 a4 15. Rac1 Qa5 16. Ne5 Be6 17. Nd3 Rad8 18. Nc5 Bc8 19. Bh6 b6 20.
Bxg7 Kxg7 21. N5xa4 Be6 22. b3 Bc8 23. Nb2 Bb7 24. Nc4 Qa7 25. a4 Ba6 26.
Ne5 Qa8 27. Qf4 Rf8 28. Rd2 Bb7 29. f3 Qa5 30. Ne2 Rc8 31. Rdc2 Qb4 32. Qe3
Qd6 33. Nc4 Qd8 34. Nf4 Re8 35. h4 h6 36. b4 1-0

[Event "Open"]
[Site "Baku AZE"]
[Date "2010.08.23"]
[Round "1"]
[White "Savchenko,B"]
[Black "Aghasiyeva,Fidan"]
[Result "1-0"]
[WhiteElo "2623"]
[BlackElo "2075"]
[EventDate "2010.08.23"]

1. e4 c6 2. d4 d5 3. f3 dxe4 4. fxe4 e5 5. Nf3 Bg4 6. Bc4 Nf6 7. Bxf7+ Kxf7
8. Nxe5+ Ke8 9. Nxg4 Nxg4 10. Qxg4 Qxd4 11. Nc3 Bb4 12. Qe6+ Kd8 13. Bg5+
Kc7 14. Bf4+ Kb6 15. Ke2 Qd7 16. Nd5+ Ka5 17. a3 Bd6 18. b4+ Ka6 19. b5+
Ka5 20. Bd2+ Kxb5 21. Nc7+ Kb6 22. Nxa8+ Ka6 23. Qxd7 Nxd7 24. Bb4 Be5 25.
Rad1 Nf6 26. Bd6 Bxd6 27. Rxd6 Rxa8 28. Re6 Rd8 29. Rd1 Rf8 30. Re7 Nh5 31.
g3 Nf6 32. Rd4 g5 33. Ra4+ Kb6 34. Rb4+ Ka6 35. Rexb7 c5 36. Rb8 Rxb8 37.
Rxb8 Ng8 1-0

[Event "Open"]
[Site "Baku AZE"]
[Date "2010.08.23"]
[Round "1"]
[White "Sutovsky,E"]
[Black "Sedlacek,Ji"]
[Result "1-0"]
[WhiteElo "2665"]
[BlackElo "2081"]
[EventDate "2010.08.23"]

1. e4 c5 2. Nf3 e6 3. Nc3 a6 4. d4 cxd4 5. Nxd4 Qc7 6. Bd3 Nf6 7. f4 d6 8.
O-O Be7 9. Qf3 O-O 10. Qh3 g6 11. Nf3 Qc5+ 12. Kh1 Qh5 13. Qg3 Qa5 14. Bd2
Qc7 15. Qh3 Ne8 16. f5 Nc6 17. Qh6 Nf6 18. Ng5 Ne5 19. Rf4 Re8 20. Raf1 Bf8
21. Qh4 Bg7 22. fxe6 fxe6 23. Rxf6 Bxf6 24. Rxf6 Qg7 25. Nf3 Nd7 26. e5
dxe5 27. Ne4 Nxf6 28. Nxf6+ Kf8 29. Bh6 1-0

[Event "Open"]
[Site "Baku AZE"]
[Date "2010.08.23"]
[Round "1"]
[White "Talishzada,O"]
[Black "Guseinov,G"]
[Result "0-1"]
[WhiteElo "2073"]
[BlackElo "2611"]
[EventDate "2010.08.23"]

1. e4 c5 2. c3 d6 3. d4 Nf6 4. Bd3 Nc6 5. Nf3 e5 6. dxe5 dxe5 7. O-O Be7 8.
h3 O-O 9. Na3 Qc7 10. Nc4 Rd8 11. Qe2 Nh5 12. Bc2 Be6 13. Ncxe5 Nxe5 14.
Nxe5 Qxe5 15. f4 Ng3 16. Qf3 Nxf1 17. fxe5 Nd2 18. Qf4 h6 19. Qf2 Nc4 20.
Qg3 Kh8 21. b3 Na5 22. Be3 Nc6 23. Rd1 Rac8 24. Rxd8+ Rxd8 25. Qf2 b6 26.
Bf4 Rd7 27. h4 b5 28. Be3 Nxe5 29. Qg3 Ng4 30. e5 b4 31. cxb4 cxb4 32. Qf3
Rc7 33. Qa8+ Rc8 34. Qxa7 Nxe3 35. Qxe7 Nxc2 36. g4 Kg8 37. g5 hxg5 38.
Qxg5 Nd4 39. Qe7 Rc1+ 40. Kf2 Rc2+ 41. Ke1 Re2+ 42. Kd1 Bg4 43. Kc1 Rc2+
44. Kb1 Bf5 45. Qe8+ Kh7 46. Qa4 Ne2 0-1

[Event "Open"]
[Site "Baku AZE"]
[Date "2010.08.24"]
[Round "2"]
[White "Aleksandrov,A"]
[Black "Hasanov,Shakhr"]
[Result "1-0"]
[WhiteElo "2642"]
[BlackElo "2264"]
[EventDate "2010.08.23"]

1. d4 Nf6 2. c4 g6 3. Nc3 Bg7 4. e4 d6 5. h3 O-O 6. Be3 Na6 7. Nf3 c6 8. a3
e5 9. d5 Bd7 10. Nd2 Nh5 11. g3 Bf6 12. h4 Be7 13. b4 c5 14. Rb1 b6 15. Bh6
Ng7 16. Nf3 Nc7 17. Be2 Nce8 18. Ng5 Nf6 19. f4 exf4 20. gxf4 Re8 21. Rg1
Bf8 22. Kd2 cxb4 23. axb4 b5 24. cxb5 Qb6 25. Rg2 Nf5 26. exf5 Qe3+ 27. Kc2
Rac8 28. Rb3 Bxf5+ 29. Kb2 Bxh6 30. Nce4 Qxb3+ 31. Kxb3 Nxe4 32. Nxe4 Bxe4
33. Bf3 Bxf4 34. Bxe4 Rxe4 35. Rc2 Rce8 36. h5 Re3+ 37. Ka4 Re1 38. Qg4
R8e3 39. b6 a6 40. Ra2 1-0

[Event "Open"]
[Site "Baku AZE"]
[Date "2010.08.24"]
[Round "2"]
[White "Esen,B"]
[Black "Khademi,M"]
[Result "0-1"]
[WhiteElo "2518"]
[BlackElo "2226"]
[EventDate "2010.08.23"]

1. Nf3 f5 2. g3 Nf6 3. Bg2 g6 4. O-O Bg7 5. d4 c6 6. c4 Ne4 7. b3 O-O 8.
Bb2 d6 9. Nbd2 Qc7 10. Nxe4 fxe4 11. Nd2 d5 12. b4 Be6 13. Rc1 Qb6 14. Qb3
a5 15. bxa5 Qxa5 16. cxd5 Bxd5 17. Qc2 Qb6 18. Nc4 Qb5 19. a3 Ra4 20. Nd2
Bxd4 21. Bxd4 Rxd4 22. Nxe4 Qa5 23. Nc5 Rc4 24. Nxb7 Qa7 25. Qd3 Rxc1 26.
Bxd5+ cxd5 27. Qxd5+ Kh8 28. Qe5+ Rf6 29. Rxc1 Qxb7 30. Rc7 Qb1+ 31. Kg2
Nc6 32. Rc8+ Kg7 33. Qd5 Qf5 34. Rg8+ Kh6 35. Qd2+ Qg5 36. Qxg5+ Kxg5 37.
h4+ Kf5 38. a4 Rd6 39. a5 Kf6 40. Ra8 Kg7 41. a6 Rd7 42. g4 Kf6 43. Kf3 Rd4
44. a7 Ke6 45. Rh8 Nxa7 46. Rxh7 Nc6 47. Kg3 Re4 48. Kf3 Kd5 49. g5 Nd4+
0-1

[Event "Open"]
[Site "Baku AZE"]
[Date "2010.08.24"]
[Round "2"]
[White "Guliyev,N"]
[Black "Idrisov,T"]
[Result "0-1"]
[WhiteElo "2510"]
[BlackElo "2219"]
[EventDate "2010.08.23"]

1. e4 c5 2. Nf3 d6 3. d4 cxd4 4. Nxd4 Nf6 5. Nc3 a6 6. Be2 e5 7. Nb3 Be6 8.
O-O Be7 9. Re1 O-O 10. Bf3 Nbd7 11. Nd2 b5 12. a3 Nb6 13. Nf1 Rc8 14. Ne3
Qc7 15. Bd2 Rfd8 16. a4 b4 17. Ncd5 Bxd5 18. exd5 Qc5 19. Nf5 Bf8 20. Be3
Qc7 21. a5 Nc4 22. Bg5 Nxb2 23. Qb1 Qxc2 24. Bxf6 gxf6 25. Be4 Qxb1 26.
Rexb1 Nc4 27. Rxb4 Nxa5 28. Bd3 Rc5 29. Bf1 Rxd5 30. Rg4+ Kh8 31. Ra3 Nc6
32. Rag3 Ne7 33. h3 Rd1 34. Ne3 Re1 35. Rf3 Bg7 36. g3 d5 37. Nc2 Rc1 38.
Nb4 f5 39. Rh4 Rb8 40. Ra3 e4 41. Ra4 a5 42. Na2 Ra1 43. Kg2 Rbb1 0-1

[Event "Open"]
[Site "Baku AZE"]
[Date "2010.08.24"]
[Round "2"]
[White "Guseinov,G"]
[Black "Rahmanov,Shahriyar"]
[Result "1-0"]
[WhiteElo "2611"]
[BlackElo "2245"]
[EventDate "2010.08.23"]

1. e4 c5 2. Nc3 d6 3. Nf3 Nc6 4. d4 cxd4 5. Nxd4 Nf6 6. Bg5 e6 7. Qd2 Be7
8. O-O-O a6 9. f4 Bd7 10. Nf3 b5 11. Bxf6 gxf6 12. f5 Qb6 13. Kb1 O-O-O 14.
Qh6 Kb8 15. Bd3 Ne5 16. Qh5 Rdf8 17. Ne2 a5 18. Nf4 Qe3 19. Qh4 a4 20. Be2
Nxf3 21. Bxf3 Rc8 22. Rd3 Qc5 23. Rc1 b4 24. fxe6 fxe6 25. e5 Rc7 26. exd6
Bxd6 27. Nd5 Ra7 28. Nxf6 Qb6 29. Rcd1 Be7 30. Qf4+ 1-0

[Event "Open"]
[Site "Baku AZE"]
[Date "2010.08.24"]
[Round "2"]
[White "Ibrahimov,R"]
[Black "Hejazipour,M"]
[Result "1-0"]
[WhiteElo "2534"]
[BlackElo "2233"]
[EventDate "2010.08.23"]

1. Nf3 Nf6 2. c4 e6 3. Nc3 b6 4. g3 Bb7 5. Bg2 Be7 6. O-O O-O 7. Re1 Ne4 8.
Nxe4 Bxe4 9. d3 Bb7 10. e4 c5 11. d4 cxd4 12. Nxd4 Nc6 13. Nb5 d6 14. Be3
Ne5 15. b3 a6 16. Nc3 Rc8 17. Rc1 Qc7 18. h3 Rfd8 19. Kh2 Nd7 20. f4 Bf6
21. Bd4 Qb8 22. Bxf6 Nxf6 23. Qe2 Bc6 24. a4 Nd7 25. Rcd1 Nc5 26. Qa2 a5
27. Re2 Rd7 28. Qc2 Rcd8 29. Rdd2 Qa8 30. Re3 Qb8 31. h4 Na6 32. Qd1 Nb4
33. f5 Kh8 34. Qh5 Rg8 35. Bh3 Re7 36. Qg5 f6 37. Qf4 e5 38. Qf3 Rf7 39.
Qd1 Rd8 40. g4 g5 41. hxg5 fxg5 42. Bf1 Rf6 43. Rh3 Kg7 44. Kg3 h6 45. Rdh2
Na6 46. Qd2 1-0

[Event "Open"]
[Site "Baku AZE"]
[Date "2010.08.24"]
[Round "2"]
[White "Isgandarova,K"]
[Black "Azaladze,S"]
[Result "0-1"]
[WhiteElo "2172"]
[BlackElo "2443"]
[EventDate "2010.08.23"]

1. e4 g6 2. d4 Bg7 3. Nc3 c6 4. Nf3 d5 5. h3 Nf6 6. e5 Ne4 7. Nxe4 dxe4 8.
Ng5 c5 9. dxc5 Qxd1+ 10. Kxd1 Nc6 11. Bf4 Bf5 12. Bc4 e6 13. g4 h6 14. Nxf7
Kxf7 15. gxf5 gxf5 16. c3 Nxe5 17. Bxe5 Bxe5 18. Ke2 Rac8 19. Rad1 Rxc5 20.
Rd7+ Kf6 21. Bb3 Rc7 22. Rhd1 Rhc8 23. Rxc7 Rxc7 24. Rd8 Bf4 25. Rd1 Rg7
26. Kf1 Bh2 27. Ke2 Rg2 28. Kf1 Rg1+ 29. Ke2 Rxd1 30. Bxd1 Ke5 31. Ba4 Bf4
32. Bd7 b6 33. b3 Kd6 34. Bc8 Be5 35. Kd2 Bf6 36. Kc2 Bh4 0-1

[Event "Open"]
[Site "Baku AZE"]
[Date "2010.08.24"]
[Round "2"]
[White "Mamedov,Rau"]
[Black "Abdulov,Or"]
[Result "1-0"]
[WhiteElo "2660"]
[BlackElo "2295"]
[EventDate "2010.08.23"]

1. e4 e5 2. Nf3 Nc6 3. Bb5 Nge7 4. Nc3 a6 5. Bc4 Ng6 6. d4 exd4 7. Nxd4 Bc5
8. Nf5 O-O 9. O-O d6 10. Kh1 Nh4 11. Ng3 Ne5 12. Be2 f5 13. f4 Nc6 14. Bd3
Kh8 15. Nd5 Ne7 16. Qh5 Nxd5 17. exd5 b5 18. Bd2 Bd7 19. Rae1 c6 20. c4
cxd5 21. cxd5 Bd4 22. Bb4 g6 23. Qd1 Bf6 24. Qd2 Qb6 25. Bc3 Rac8 26. Bxf6+
Rxf6 27. Re7 Be8 28. Qe1 Qd8 29. Re3 Rf8 30. Ne2 g5 31. fxg5 Qxg5 32. Rg3
Qe7 33. h3 Qe5 34. Rg5 Ng6 35. Rgxf5 Rxf5 36. Bxf5 Rc7 37. Nc3 Rf7 38. Bxg6
Rxf1+ 39. Qxf1 hxg6 40. a3 Kg7 41. Qf2 Bf7 42. Qd2 g5 43. Kg1 Be8 44. b4
Bf7 45. Kf2 Qf6+ 46. Ke2 Qe5+ 47. Qe3 Kf6 48. Qxe5+ Kxe5 49. Ke3 Bg6 50. g3
Bh7 51. h4 gxh4 52. gxh4 Bc2 53. h5 Bh7 54. h6 Bc2 55. Kd2 Bh7 56. Ke3 Bc2
57. Ke2 Bh7 58. Ke3 Bc2 59. Ne2 Kxd5 60. Nf4+ Kc4 61. Ne6 d5 62. Kd2 Bb1
63. Nc7 Kb3 64. Nxa6 Bh7 65. Ke3 Kc3 66. Nc7 d4+ 67. Kf2 Kc4 68. Ke2 Bg6
69. Kd2 Bh7 70. Ne6 Bf5 71. Nc7 Bh7 72. Kc1 Bf5 73. Ne8 Kc3 74. Nd6 Bd3 75.
Nxb5+ Bxb5 1-0

[Event "Open"]
[Site "Baku AZE"]
[Date "2010.08.24"]
[Round "2"]
[White "Mammadov,Z"]
[Black "Sutovsky,E"]
[Result "0-1"]
[WhiteElo "2302"]
[BlackElo "2665"]
[EventDate "2010.08.23"]

1. e4 c6 2. d4 d5 3. exd5 cxd5 4. Bd3 Nc6 5. c3 Nf6 6. h3 e5 7. dxe5 Nxe5
8. Bb5+ Nc6 9. Nf3 Bd6 10. O-O O-O 11. Bd3 Ne4 12. Nbd2 Bf5 13. Bc2 Qf6 14.
Re1 Rfe8 15. Nf1 Rad8 16. Be3 Bg6 17. Qc1 h6 18. Bb3 Ne5 19. Nxe5 Bxe5 20.
Rd1 d4 21. cxd4 Rxd4 22. Rxd4 Bxd4 23. Bxd4 Qxd4 24. Qe3 Qxb2 25. Rd1 a5
26. Rd7 Nf6 27. Qb6 Kh7 28. Rxb7 Re1 29. Bc4 Qxb6 30. Rxb6 Rc1 31. Ba6 Rc2
32. a4 Ra2 33. Bb5 Ne4 34. Ra6 Ra1 35. Rxa5 Nd2 0-1

[Event "Open"]
[Site "Baku AZE"]
[Date "2010.08.24"]
[Round "2"]
[White "Mammadova,G"]
[Black "Savchenko,B"]
[Result "0-1"]
[WhiteElo "2260"]
[BlackElo "2623"]
[EventDate "2010.08.23"]

1. e4 c5 2. Nc3 Nc6 3. g3 g6 4. Bg2 Bg7 5. d3 e6 6. f4 Nge7 7. Nf3 O-O 8.
Be3 b6 9. O-O d5 10. Bf2 dxe4 11. dxe4 e5 12. Nxe5 Nxe5 13. fxe5 Bxe5 14.
Be3 Qxd1 15. Raxd1 Bg4 16. Rd2 Rad8 17. Rxd8 Rxd8 18. Bg5 Bd4+ 19. Kh1 Bxc3
20. bxc3 Rd7 21. Bf6 Nc6 22. e5 Na5 23. Be4 Be6 24. a4 Bd5 25. Bxd5 Rxd5
26. Kg2 Kf8 27. Re1 Ke8 28. Bg5 Nc6 29. Bf4 h5 30. e6 f6 31. h4 Ke7 32. Bc7
Rd2+ 33. Kf3 Rxc2 34. Re3 Rd2 35. Bf4 Rd5 36. g4 Ne5+ 37. Bxe5 Rxe5 38. Rd3
hxg4+ 39. Kxg4 Re4+ 0-1

[Event "Open"]
[Site "Baku AZE"]
[Date "2010.08.24"]
[Round "2"]
[White "Miroshnichenko,E"]
[Black "Agaragimov,D"]
[Result "1/2-1/2"]
[WhiteElo "2686"]
[BlackElo "2311"]
[EventDate "2010.08.23"]

1. Nf3 Nf6 2. c4 g6 3. Nc3 Bg7 4. d4 O-O 5. e4 d6 6. Be2 Na6 7. Be3 e5 8.
d5 Qe8 9. Nd2 c5 10. g4 Qd7 11. Rg1 Ne8 12. Bd3 Qe7 13. a3 Bd7 14. Rb1 b6
15. Qe2 Rb8 16. b4 Kh8 17. Rg3 Nf6 18. h3 Ng8 19. Nb5 Ra8 20. Kf1 Bh6 21.
g5 Bg7 22. bxc5 Nxc5 23. Bxc5 bxc5 24. h4 a6 25. Nc3 f6 26. Kg2 fxg5 27.
hxg5 Rf4 28. Qe3 Raf8 29. f3 Rh4 30. Ne2 h6 31. Rh1 Rxh1 32. Kxh1 hxg5 33.
Qg1 Bh6 34. Nf1 Kg7 35. Nh2 g4 36. Nxg4 Bxg4 37. Rxg4 Rxf3 38. Rxg6+ Kh7
39. Rg3 Qh4+ 40. Qh2 Qxh2+ 41. Kxh2 Bf4 42. Kg2 Rxg3+ 43. Nxg3 Bxg3 44.
Kxg3 Kg6 45. Kh4 Nf6 46. Bc2 Nh5 47. Bd3 Nf4 48. Bf1 Kf6 1/2-1/2

[Event "Open"]
[Site "Baku AZE"]
[Date "2010.08.24"]
[Round "2"]
[White "Namazov,F"]
[Black "Alavi,S"]
[Result "1/2-1/2"]
[WhiteElo "2147"]
[BlackElo "2413"]
[EventDate "2010.08.23"]

1. d4 Nf6 2. c4 e6 3. Nf3 b6 4. g3 Ba6 5. b3 Bb7 6. Bg2 Bb4+ 7. Bd2 a5 8.
O-O O-O 9. a3 Bxd2 10. Nbxd2 c5 11. Qc2 Nc6 12. e3 Rc8 13. Qb2 Qe7 14. Rfd1
cxd4 15. Nxd4 Rfd8 16. N2f3 Nxd4 17. Qxd4 Qc5 18. Qxc5 bxc5 19. Rd6 Ne8 20.
Rb6 Bc6 21. Nd2 Bxg2 22. Kxg2 Rb8 23. Rb5 Rxb5 24. cxb5 Nd6 25. a4 f6 26.
Rc1 Rc8 27. Nc4 1/2-1/2

[Event "Open"]
[Site "Baku AZE"]
[Date "2010.08.24"]
[Round "2"]
[White "Rasulov,Vu"]
[Black "Aliyev,E"]
[Result "1/2-1/2"]
[WhiteElo "2442"]
[BlackElo "2163"]
[EventDate "2010.08.23"]

1. e4 e5 2. Nf3 Nc6 3. Bb5 f5 4. d3 fxe4 5. dxe4 Nf6 6. O-O Bc5 7. Qe2 d6
8. Qc4 Bd7 9. Nc3 Qe7 10. Nd5 Nxd5 11. exd5 Nd4 12. Bxd7+ Qxd7 13. Nxd4
Bxd4 14. c3 Bb6 15. Be3 O-O 16. Rae1 Rf6 17. f3 Raf8 18. Kh1 Bxe3 19. Rxe3
Rf4 20. Qb3 b6 21. Rfe1 R8f6 22. Re4 g5 23. Qc4 Qf7 24. Kg1 Rxe4 25. Rxe4
Kg7 26. b4 Rf4 27. Rxf4 exf4 28. h3 Qe7 29. Kh2 Kf6 30. a4 Qe1 1/2-1/2

[Event "Open"]
[Site "Baku AZE"]
[Date "2010.08.24"]
[Round "2"]
[White "Rzayev,B"]
[Black "Safarli,E"]
[Result "0-1"]
[WhiteElo "2235"]
[BlackElo "2603"]
[EventDate "2010.08.23"]

1. e4 e5 2. Nc3 Nf6 3. Bc4 Bb4 4. d3 O-O 5. Nge2 c6 6. a3 Bc5 7. O-O d5 8.
exd5 cxd5 9. Bb3 h6 10. d4 exd4 11. Nxd4 Bg4 12. Qd3 Nc6 13. Nxc6 bxc6 14.
Bf4 Nh5 15. Be3 Bd6 16. h3 Be6 17. Rad1 Bc7 18. Ne2 Qd6 19. f4 Rfe8 20. c3
Nf6 21. Bc2 Bf5 22. Qxf5 Rxe3 23. Rd3 Rxe2 24. Rg3 Qe6 25. Qd3 Re8 0-1

[Event "Open"]
[Site "Baku AZE"]
[Date "2010.08.24"]
[Round "2"]
[White "Shanava,K"]
[Black "Umudova,N"]
[Result "1-0"]
[WhiteElo "2556"]
[BlackElo "2239"]
[EventDate "2010.08.23"]

1. e4 c5 2. Nc3 Nc6 3. g3 g6 4. Bg2 Bg7 5. d3 d6 6. h3 e6 7. Nge2 Nge7 8.
O-O O-O 9. a3 b6 10. Rb1 Bb7 11. b4 Qd7 12. Bf4 Rac8 13. bxc5 dxc5 14. Nb5
e5 15. Bg5 Ba6 16. Nec3 f6 17. Be3 Nd4 18. a4 c4 19. Bxd4 exd4 20. Ne2 f5
21. exf5 Rxf5 22. Re1 g5 23. dxc4 Rxc4 24. Nec3 Bxb5 25. Nxb5 Rxa4 26. Qg4
a6 27. Rxe7 Qxe7 28. Qxf5 axb5 29. Be4 Bf6 30. Re1 Kh8 31. Kh2 Ra7 32. Bb7
Qd8 33. Bc6 Kg7 34. Re8 Qd6 35. Be4 Kf7 36. Rh8 Re7 37. Bd5+ 1-0